00644nam a22001937a 450000500170000001000150001702000260003203500140005803700130007208200150008510000270010024500350012726000330016227000670019530000210026294200220028399900190030595201260032420250218112639.0 aENG-143835 a9789364443418c800.00 aEN-118175 bDBAD/PUB a332.495462 aBohora, Anil R.977722 aThe Official Guide to the GRE/ aNashikbAnil R. Bohorac2009 aBohora House, Gangapur RoadbNashikmbohoraa@yahoo.come422001 a675p.c28cm(pbk) 2ddccENh000mOFF c209159d209159 001040708NFICaLbLd2025-02-18eDBADg1599.00l0o000 OFFpEN-127367r2025-02-18 00:00:00t1v1599.00w2025-02-18yEN